000 00283nam a2200133Ia 4500
100 _aChernov/A. Besssrebrennikov
942 _cBK
654 _atools
245 _aMachine Tools
260 _bMir Publishers
_aMoscow
_c1975
082 _a621.9
300 _a422
546 _aENGLISH
999 _c27089
_d27089